01582nab a22002417a 4500003000400000005001700004008004100021040000700062100002900069245012300098260007300221300001100294500007100305505061100376505008900987650002901076650002601105650001101131650002201142650001301164700003101177773013201208OSt20251224122007.0190603e xxum|||| |||| 00| 0 spa d cPJ aGasparini, Juan Andrés10aDel daño injustamente sufrido al daño injustamente agravado /cJuan Andrés Gasparini, Facundo Peralta Mariscal.  cCiudad Autónoma de Buenos Aires :aThomson Reuters La Ley, b2025. ap. 183 aCita: TR LALEY AR/DOC/1046/2025 Publicado en: RCCyC 2025 (junio). aSumario: I. Introito.— II. Responsabilidad civil en su función resarcitoria. El derecho de daños y su evolución: desde la deuda de responsabilidad al crédito a la indemnización.— III. El principio de la reparación plena como derecho de rango constitucional en la jurisprudencia de la Corte Suprema de Justicia de la Nación.— IV. Del daño injustamente sufrido al daño injustamente agravado. Función preventiva de la responsabilidad civil y su vinculación con los principios generales que orientan la cultura jurídica: buena fe y ejercicio abusivo del derecho.— V. Colofón.  t¿Te interesa el texto completo? Solicitalo al correo: koha@justierradelfuego.gov.ar 0aCODIGO CIVIL Y COMERCIAL 0aRESPONSABILIDAD CIVIL 0aDAÑO 0aDAÑO RESARCIBLE 0aBUENA FE aPeralta Mariscal, Facundo 0 02713dCiudad Autónoma de Buenos Aires : Thomson Reuters La Ley, 2015-tRevista Código Civil y Comercial. Nº 3 - Junio 2025